000 01767nam a2200265Ia 4500
003 OSt
005 20210406151859.0
008 210310s1983 ck gr 000 0 spa d
020 _a9586001636
040 _aCO-JMCR
_cCO-JMCR
041 1 _aspa
_heng
082 0 4 _a657 /
_bM512c
_223
100 1 _aMeigs, Robert F.,
_eautor
_925562
245 0 _aContabilidad la base para las decisiones comerciales /
_cRobert F. Meigs, Walter B. Meigs ; traducción, Gonzalo Sinisterra
250 _aTercera edición
260 _aBogotá :
_bMcGraw-Hill,
_c1993.
300 _b2 volúmenes ;
_c24 cm.
500 _aincluye índice.
505 0 _gv.1 /
_tEl lenguaje de los negocios -- Registros de cambios en la situación financiera. -- Medición de la utilidad comercial. -- Terminación del ciclo contable. -- Inventarios. -- Control interno. -- Control de las transacciones en efectivo. -- Cuentas documentos por cobrar. -- Propiedades, planta y equipo, depreciación y activos intangibles
_gv.2
_tPrincipios y conceptos de contabilidad: efectos de la inflación. -- Pasivos corrientes y contabilización de nomina. -- Bonos por pagar, contratos de arrendamiento y otros pasivos. -- Sociedades por cuotas o partes de interés. -- Sociedades por acciones: organización y patrimonio de los accionistas. -- Inversiones en valores negociables de sociedades. -- Estado de cambio en la situación financiera de flujo de efectivo. -- Análisis e interpretación de estados financieros. -- Contabilidad por áreas de responsabilidad: departamentos y sucursales.
650 1 4 _aContabilidad
_925564
650 2 4 _aControl interno
_xcontabilidad
_936638
700 _aMeigs, Walter B.,
_eautor
_936639
700 _aSinisterra, Gonzalo,
_etraductor
_936640
942 _2ddc
_cBK
999 _c11454
_d11454